000 00702nam a2200205 a 4500
001 0720
005 20140414132143.0
008 040927s19uu xx 00 eng d
020 _a0-978-0-439-04599-1
050 _aKIT (LCER) 513
_bC16 1999
100 _aCanizares, Susan
245 _aNumbers /
_cSusan Canizares, Daniel Moreton.
260 _aNew York :
_bScholastic,
_c1999.
300 _a1 v. (unp.) : ill. ; cm.
440 _aLearning center emergent readers
520 _aSimple text and photographs explore some of the ways we use numbers, from wieghts and measures to prices to telling time.
650 _aNumber concept
_xJuvenile literature.
999 _c115377
_d115377